000 01050nam a2200253 a 4500
001 000031915
003 DO-SdBNP
005 20250613132250.0
008 110324s1990 dr a 000 0 spa d
040 _aDO-SdBNP
_bspa
_cBNPHU
049 _aBNPD
082 4 _a306.7
_bM744e
_222
245 0 0 _aMonitoreo de los efectos de las políticas económicas y sociales en el bienestar infantil :
_bresumen ejecutivo
260 _aSanto Domingo :
_bCENISMI
_bONAPLAN,
_bUNICEF,
_c1990.
300 _av. :
_bil. ;
_c28 cm.
650 7 _aBienestar infantil
_y1988-1991
_937212
_2lemb
650 7 _aNiños
_xCuidado e higiene
_y1988-1991
_953744
650 4 _aSalud infantil
_zRepública Dominicana
_y1988-1991
_953745
650 7 _aPlanificación de la salud
_zRepública Dominicana
_y1988-1991
_91345
_2LEMB
710 2 _aCentro Nacional de Investigaciones en Salud (República Dominicana)
_953750
710 2 _aOficina Nacional de Planificación (República Dominicana)
_910843
710 _aFondo de las Naciones Unidas para la Infancia
_99270
942 _2ddc
_cLBS1
999 _c31406
_d31406